| 000 | 01239nam a2200301 i 4500 | ||
|---|---|---|---|
| 003 | EG-ScBUE | ||
| 005 | 20240909104115.0 | ||
| 008 | 111027s2000 riua f b 000 0 eng d | ||
| 020 | _a0821820532 | ||
| 020 | _a9780821820537 | ||
| 040 |
_aEG-ScBUE _beng _erda _cEG-ScBUE _dEG-ScBUE |
||
| 082 | 0 | 4 |
_222 _a511.3 _bDIM |
| 111 |
_927675 _aDIMACS Workshop on DNA Based Computers _cMassachusetts Institute of Technology _d1999 : |
||
| 245 | 0 | 0 |
_aDNA based computers V : _bDIMACS workshop DNA based computers V, June 14-15, 1999, Massachusetts Institute of Technology / _ceditors Erik Winfree, David K. Gifford. |
| 264 | 1 |
_aProvidence, R.I. : _bAmerican Mathematical Society, _c2000. |
|
| 300 |
_a xiii, 249 pages : _billustrations ; _c26 cm. |
||
| 336 |
_2rdacontent _atext _btxt |
||
| 337 |
_aunmediated _2rdamedia _bn |
||
| 338 |
_avolume _bnc _2rdacarrier |
||
| 490 | 0 |
_aDIMACS Series in Discrete Mathematics and Theoretical Computer Science _vv. 54 |
|
| 504 | _aIncludes bibliographical references. | ||
| 650 | 7 |
_927677 _aMolecular computers. _2BUEsh |
|
| 653 | _cOctober2011 | ||
| 655 | _vReading book | ||
| 700 | 1 |
_927678 _aWinfree, Erik _d1969- _eeditor. |
|
| 700 | 1 |
_927679 _aGifford, David K. _d1954- _eeditor. |
|
| 942 |
_2ddc _cBB |
||
| 999 |
_c16180 _d16180 |
||